header

Landscape, memory and history (Record no. 118056)

MARC details
000 -LEADER
fixed length control field 01516nam a2200397 a 4500
082 04 - DEWEY DECIMAL CLASSIFICATION NUMBER
Classification number 304.2
245 00 - TITLE STATEMENT
Title Landscape, memory and history
260 ## - PUBLICATION, DISTRIBUTION, ETC. (IMPRINT)
Place of publication London ;
-- Sterling, Va. :
Name of publisher Pluto,
Year of publication 2003.
300 ## - PHYSICAL DESCRIPTION
Number of Pages vi, 246 p. :
Other physical details ill., maps.
490 1# - SERIES STATEMENT
Series statement Anthropology, culture, and society
650 #0 - SUBJECT ADDED ENTRY--TOPICAL TERM
Topical Term Landscape assessment.
Topical Term Landscape changes.
Topical Term Landscapes
Topical Term Geographical perception.
700 1# - ADDED ENTRY--PERSONAL NAME
Personal name Stewart, Pamela J.
Personal name Strathern, Andrew.
856 40 - ELECTRONIC LOCATION AND ACCESS
Uniform Resource Identifier http://site.ebrary.com/lib/rucke/Doc?id=10479979

No items available.

© 2026 Rongo University
Contact us: librarian | system librarian | Rongo university